|
|
|
|
| LEADER |
00766nam a2200205 a 4500 |
| 001 |
000648193 |
| 003 |
CZ BrMZK |
| 005 |
20040224091034.0 |
| 008 |
030123s1988 xr f cze d |
| 040 |
|
|
|a BOA001
|b cze
|c BOA001
|
| 080 |
|
|
|a 624.15(061.3)
|2 MRF
|
| 111 |
2 |
|
|a Zakládání staveb (konference)
|n (16. :
|d 1988 :
|c Brno, Česko)
|7 mzk2004219405
|
| 245 |
1 |
0 |
|a 16. celostátní konference Zakládání staveb :
|b sborník přednášek
|
| 246 |
3 |
3 |
|a Šestnáctá celostátní konference Zakládání staveb
|
| 260 |
|
|
|a Brno :
|b Dům techniky ČSVTS,
|c 1988
|
| 300 |
|
|
|a 161 s.
|
| 504 |
|
|
|a Obsahuje bibliografie
|
| 910 |
|
|
|a BOA001
|b TK-A-0208.517,16
|
| 990 |
|
|
|a BK
|
| 996 |
7 |
|
|b 2629944636
|c TK-A-0208.517,16
|l MZK
|r Sklad / do 24 hodin
|n 5
|w 000648193
|u 000010
|a 1
|e BOA001
|j MZK50
|s A
|